John Adams and the diplomacy of the American revolution (Record no. 225865)

MARC details
000 -LEADER
fixed length control field 00406nam a2200145Ia 4500
008 - FIXED-LENGTH DATA ELEMENTS--GENERAL INFORMATION
fixed length control field 230917s9999||||xx |||||||||||||| ||und||
040 ## - CATALOGING SOURCE
-- 71239
Original cataloging agency VIVEKANANDA LIBRARY
041 ## - Language
-- English
082 ## - DDC NUMBER
Classification number 973.32092 H976J
100 ## - MAIN ENTRY--PERSONAL NAME
Personal name Huston, James H
245 #0 - TITLE STATEMENT
Title John Adams and the diplomacy of the American revolution
260 ## - PUBLICATION, DISTRIBUTION, ETC. (IMPRINT)
Place of publication, distribution, etc Kentucky
Name of publisher, distributor, etc University Press of Kentucky
Date of publication, distribution, etc 1980
300 ## - PHYSICAL DESCRIPTION
Pages vii, 199 p.
942 ## - ADDED ENTRY ELEMENTS (KOHA)
Koha item type Books
Holdings
Withdrawn status Lost status Damaged status Not for loan Location (home branch) Sublocation or collection (holding branch) Date acquired Koha issues (times borrowed) Koha full call number Accession No. Koha date last seen Koha item type
        VIVEKANANDA LIBRARY VIVEKANANDA LIBRARY 04/02/2003   973.32092 H976J 92903 17/09/2023 Books
© Designed and Maintained by Vivekananda Library, MDU Rohtak